<?xml version="1.0" encoding="UTF-8"?><?xml-stylesheet type="text/xsl" href="static/style.xsl"?><OAI-PMH xmlns="http://www.openarchives.org/OAI/2.0/" xmlns:xsi="http://www.w3.org/2001/XMLSchema-instance" xsi:schemaLocation="http://www.openarchives.org/OAI/2.0/ http://www.openarchives.org/OAI/2.0/OAI-PMH.xsd"><responseDate>2026-04-17T11:27:50Z</responseDate><request verb="GetRecord" identifier="oai:www.recercat.cat:10459.1/69626" metadataPrefix="marc">https://recercat.cat/oai/request</request><GetRecord><record><header><identifier>oai:recercat.cat:10459.1/69626</identifier><datestamp>2024-12-05T23:06:16Z</datestamp><setSpec>com_2072_3622</setSpec><setSpec>col_2072_478537</setSpec></header><metadata><record xmlns="http://www.loc.gov/MARC21/slim" xmlns:dcterms="http://purl.org/dc/terms/" xmlns:xsi="http://www.w3.org/2001/XMLSchema-instance" xmlns:doc="http://www.lyncode.com/xoai" xsi:schemaLocation="http://www.loc.gov/MARC21/slim http://www.loc.gov/standards/marcxml/schema/MARC21slim.xsd">
   <leader>00925njm 22002777a 4500</leader>
   <datafield ind2=" " ind1=" " tag="042">
      <subfield code="a">dc</subfield>
   </datafield>
   <datafield ind2=" " ind1=" " tag="720">
      <subfield code="a">Expósito Solis, Antonio</subfield>
      <subfield code="e">author</subfield>
   </datafield>
   <datafield ind2=" " ind1=" " tag="260">
      <subfield code="c">2020-10-09T08:46:26Z</subfield>
   </datafield>
   <datafield ind2=" " ind1=" " tag="260">
      <subfield code="c">2020-10-09T08:46:26Z</subfield>
   </datafield>
   <datafield ind2=" " ind1=" " tag="260">
      <subfield code="c">2020-09</subfield>
   </datafield>
   <datafield ind2=" " ind1=" " tag="520">
      <subfield code="a">Introduction Hypertension is a disease that if not treated properly can&#xd;
cause serious symptoms or even, depending on the case, can lead to death.&#xd;
That is why a telegram bot has been created so that users suffering from&#xd;
this disease can inform their doctor of the blood pressure taken in their own&#xd;
home and thus facilitate communication between doctor and patient. In addition, it is also more comfortable because it is possible to avoid going to the&#xd;
doctor’s office just to give those values.&#xd;
Objective Develop a useful, easy to use, robust and efficient web application&#xd;
and, mainly, help the user to be able to communicate with their patients and&#xd;
adapt to the particular requirements of the arbitration. Develop an easy to&#xd;
use telegram bot that allows patients to send their information.&#xd;
Methods The usability, robustness and efficiency factors of the web application were evaluated for different devices and operating systems (Windows,&#xd;
iOS). Results After evaluating the different factors and analyzing them to&#xd;
obtain even more positive results, the application behaved well in the face of&#xd;
these factors.&#xd;
Conclusions It is an application that has and will have a great potential&#xd;
due to the comfort it gives to its users both to receive information and to&#xd;
send it. In addition, with the current situation it is the safest for both health&#xd;
personnel and patients.</subfield>
   </datafield>
   <datafield ind1="8" ind2=" " tag="024">
      <subfield code="a">http://hdl.handle.net/10459.1/69626</subfield>
   </datafield>
   <datafield tag="653" ind2=" " ind1=" ">
      <subfield code="a">Hypertension</subfield>
   </datafield>
   <datafield tag="653" ind2=" " ind1=" ">
      <subfield code="a">eHealth</subfield>
   </datafield>
   <datafield tag="653" ind2=" " ind1=" ">
      <subfield code="a">Applications</subfield>
   </datafield>
   <datafield tag="653" ind2=" " ind1=" ">
      <subfield code="a">Mobile</subfield>
   </datafield>
   <datafield tag="653" ind2=" " ind1=" ">
      <subfield code="a">Telegram</subfield>
   </datafield>
   <datafield tag="653" ind2=" " ind1=" ">
      <subfield code="a">Hipertensió</subfield>
   </datafield>
   <datafield tag="653" ind2=" " ind1=" ">
      <subfield code="a">Aplicacions mòbils</subfield>
   </datafield>
   <datafield ind2="0" ind1="0" tag="245">
      <subfield code="a">Implementation of a Telegram chatbox and webplatform for hypertension</subfield>
   </datafield>
</record></metadata></record></GetRecord></OAI-PMH>